| 000 | 00698nam a2200277Ia 4500 | ||
|---|---|---|---|
| 001 | Z_892 | ||
| 003 | CHAP | ||
| 008 | 220113s1988 xx 000 0 und d | ||
| 010 | _a163967 | ||
| 040 | _cCHAP | ||
| 082 | _a633.2 J6 | ||
| 100 |
_aJones, Michael B , ed. _9138015 |
||
| 245 |
_aThe grass crop: the physiology basis of production / _ced. by Michael B. Jones and Alec Lazenby |
||
| 260 |
_aLondon : _bChapman and Hall, _c1988 |
||
| 300 | _a369 p. | ||
| 440 | _a | ||
| 500 | _a | ||
| 503 | _a150670 | ||
| 650 |
_aPastos _xFisiologĂa y morfologĂa I. T. _9137485 |
||
| 901 | _a633.2 J6 | ||
| 902 | _aA | ||
| 910 | _a1988 | ||
| 942 | _c1 | ||
| 942 | _cc1 | ||
| 999 |
_c163967 _d163967 |
||